Τα event χαρακτηριστικά της αγοράς και σχεδιασμός : διατριβή
Αποθηκεύτηκε σε:
| Κύριος συγγραφέας: | |
|---|---|
| Συγγραφή απο Οργανισμό/Αρχή: | |
| Άλλοι συγγραφείς: | |
| Μορφή: | Thesis Βιβλίο |
| Γλώσσα: | Greek |
| Δημοσίευση: |
2014.
|
| Θέματα: | |
| Διαθέσιμο Online: | http://hdl.handle.net/11610/10851 |
| Ετικέτες: |
Προσθήκη ετικέτας
Δεν υπάρχουν, Καταχωρήστε ετικέτα πρώτοι!
|
MARC
| LEADER | 00000cam a2200000 a 4500 | ||
|---|---|---|---|
| 001 | 1/119464 | ||
| 008 | 190705t2014####gr | ||| |||| ||gre|| | ||
| 040 | |a GR-MyUa |b gre |c GR-MyUa |e AACR2 | ||
| 041 | 0 | |a gre | |
| 082 | 7 | |2 (23) | |
| 100 | 1 | |a Σκούλτσος, Σοφοκλής. | |
| 245 | 1 | 0 | |a Τα event / εκδηλώσεις ως τουρισμός ειδικού ενδιαφέροντος και ως δραστηριότητα ελεύθερου χρόνου : |b χαρακτηριστικά της αγοράς και σχεδιασμός : διατριβή / |c Σκούλτσος Σοφοκλής ; συμβουλευτική επιτροπή Πάρις Τσάρτας, Δημήτρης Λαγός, Μαρία Μαύρη. |
| 260 | |c 2014. | ||
| 300 | |a 580 σ. : |b διαγρ., πίν. ; |c 30 εκ. | ||
| 500 | |a Επταμελής επιτροπή Πάρις Τσάρτας, Δημήτρης Λαγός, Μαρία Μαύρη, Ανδρέας Παπαθεοδώρου, Αλέξιος Δεφνέρ, Θεόδωρος Σταυρινούδης, Νικόλαος Κωνσταντόπουλος. | ||
| 502 | |a Διατριβή (διδακτορική) - Πανεπιστήμιο Αιγαίου, Χίος, 2014. | ||
| 504 | |a Περιλαμβάνει βιβλιογραφία και ερωτηματολόγιο. | ||
| 650 | 0 | |a Special events |x Marketing. | |
| 650 | 0 | |a Festivals. | |
| 700 | 1 | |a Τσάρτας, Πάρις, |d 1956- |e dgs | |
| 700 | 1 | |a Λαγός, Δημήτρης Γ. |e dgs | |
| 700 | 0 | |a Μαύρη, Μαρία, |e dgsf | |
| 710 | 1 | |a Πανεπιστήμιο Αιγαίου |b Σχολή Επιστημών της Διοίκησης |b Τμήμα Διοίκησης Επιχειρήσεων - Τ.Δ.Ε. | |
| 852 | |a INST |b CHIOS |c DIATR |e 20190705 |h 394.2068 ΣΚΟ |p 005200035941 |q 005200035941 |t PHD |y 23 | ||
| 856 | |u http://hdl.handle.net/11610/10851 | ||
| 924 | |a Σκούλτσος |b Σοφοκλής |y Χίος |z 2014-09 | ||
| 970 | |a Παροικάκη |b Βασιλική |z 05-07-2019 | ||